अनुवाद शतक: अनुवाद सिद्धान्त एवं व्यवहार का विश्वकोशीय प्रयास (Record no. 1226794)

MARC details
000 -LEADER
fixed length control field 00928nam a2200229Ia 4500
005 - DATE AND TIME OF LATEST TRANSACTION
control field 20241129105950.0
008 - FIXED-LENGTH DATA ELEMENTS--GENERAL INFORMATION
fixed length control field 241129s9999||||xx |||||||||||||| ||und||
020 ## - INTERNATIONAL STANDARD BOOK NUMBER
International Standard Book Number 978-81-927649-0-0
037 ## - SOURCE OF ACQUISITION
Stock number TB
040 ## - CATALOGING SOURCE
Original cataloging agency ARTS
Language of cataloging hin
Transcribing agency ARTS
041 ## - LANGUAGE CODE
Language code of text/sound track or separate title hin
Source of code san
084 ## - COLON CLASSIFICATION NUMBER
Classification number P15:795 152P1;P8.1-.2
Assigning agency ARTS
100 ## - MAIN ENTRY--PERSONAL NAME
Personal name गुप्ता, नीता, ले.
245 #0 - TITLE STATEMENT
Title अनुवाद शतक: अनुवाद सिद्धान्त एवं व्यवहार का विश्वकोशीय प्रयास
Statement of responsibility, etc. गुप्ता, नीता, ले.
250 ## - EDITION STATEMENT
Edition statement 4
260 ## - PUBLICATION, DISTRIBUTION, ETC.
Place of publication, distribution, etc. नई दिल्ली, भारत
Name of publisher, distributor, etc. भारतीय अनुवाद परिषद
Date of publication, distribution, etc. 2018
365 ## - TRADE PRICE
Price type code INR
Price amount 1600
490 ## - SERIES STATEMENT
Volume/sequential designation भाग 1
650 ## - SUBJECT ADDED ENTRY--TOPICAL TERM
Topical term or geographic name entry element Sanskrit LanugageTranslation and Interpreting
9 (RLIN) 726709
942 ## - ADDED ENTRY ELEMENTS (KOHA)
Koha item type Textbook
Classification part P15:795 152P1;P8.1-.2
Holdings
Withdrawn status Lost status Damaged status Not for loan Home library Current library Date acquired Source of acquisition Cost, normal purchase price Inventory number Total Checkouts Full call number Barcode Date last seen Date last checked out Price effective from Koha item type
        Arts Library Arts Library 2024-11-29 Nayee Kitab Prakashan 1600.00 1527/22-23 & 01/03/2023 1 P15:795 152P1;P8.1-.2 AL1667827 2025-04-24 2025-02-11 2024-11-29 Textbook
Copyright @ Delhi University Library System